Statistics for Countries That Border the 10 Most Populous Countries

Click here to take the quiz!

General Stats

  • This quiz has been taken 171 times
    (142 since last reset)
  • The average score is 38 of 46

Answer Stats

BorderCountry% Correct
United StatesCanada
96%
China/PakistanAfghanistan
94%
China/IndiaPakistan
94%
BrazilArgentina
93%
United StatesMexico
92%
China/RussiaKazakhstan
91%
China/IndiaNepal
91%
China/RussiaNorth Korea
91%
ChinaRussia
91%
China/IndiaBhutan
89%
BrazilColombia
89%
China/Bangladesh/PakistanIndia
89%
China/RussiaMongolia
88%
IndiaBangladesh
87%
China/Bangladesh/IndiaMyanmar
87%
NigeriaNiger
87%
BrazilUruguay
87%
BrazilGuyana
86%
BrazilVenezuela
86%
BrazilBolivia
85%
RussiaFinland
85%
ChinaVietnam
85%
India/Pakistan/RussiaChina
84%
ChinaLaos
84%
BrazilParaguay
83%
BrazilPeru
83%
ChinaTajikistan
83%
RussiaLatvia
82%
BrazilSuriname
82%
RussiaEstonia
81%
RussiaLithuania
81%
RussiaBelarus
80%
PakistanIran
80%
RussiaUkraine
80%
IndonesiaMalaysia
79%
ChinaKyrgyzstan
78%
BrazilFrance
77%
RussiaPoland
77%
RussiaGeorgia
76%
RussiaAzerbaijan
75%
RussiaNorway
75%
NigeriaBenin
74%
NigeriaCameroon
74%
NigeriaChad
69%
IndonesiaEast Timor
69%
IndonesiaPapua New Guinea
66%

Score Distribution

Percentile by Number Answered

Percent of People with Each Score

Your Score History

You have not taken this quiz since the last reset